On This Day: July 30th II Quiz Stats

 Plays Quiz Updated Jul 30, 2018

Score 0/7 Timer 03:00
0 Plays Today
Question Answer Wrong Answers
This cult classic comedy, starring Kal Penn and John Cho as two friends on a quest to satisfy a food craving, premiers.
2004
Harold & Kumar Go to White Castle
87.5%
Superbad
2.4%
Old School
1.3%
American Pie
7.3%
This nation, where football originated, wins its only World Cup with a 4-2 victory on home soil over West Germany.
1966
England
74.7%
Scotland
8.9%
Italy
9.4%
East Germany
5.7%
This American city, the largest in its state and the setting for the HBO series ‘The Wire,’ is founded.
1729
Baltimore
70.5%
New York City
7.8%
Philadelphia
17.1%
Newark
4.5%
President Lyndon B. Johnson signs the Social Security Act of 1965, which establishes Medicare and ______.
1965
Medicaid
66.9%
Social Security
30%
The National Endowment of the Arts
0.8%
The Public Works Administration
1.2%
This publisher, founded in London and still known for its paperback editions of literary classics, issues its first titles.
1935
Penguin
62.3%
HarperCollins
8.2%
Simon & Schuster
7.2%
Oxford University Press
21.5%
This author of Wuthering Heights, part of a celebrated family of writers, is born in northern England.
1818
Emily Brontë
61.5%
Charlotte Brontë
33.3%
Mary Shelley
3.1%
Percy Bysshe Shelley
1.7%
Aboard the ‘Resolution,’ this captain returns to England from his second voyage, having crossed the Antarctic Circle three times, becoming the first person to circumnavigate the globe in both directions.
1775
James Cook
58.6%
Francis Drake
29.4%
John Cabot
9.4%
John Paul Jones
2.5%

You're not logged in!

Compare scores with friends on all Sporcle quizzes.
OR
Log In

Sporcle TV

Today on Sporcle TV


Watch our educational content, quiz creation guides, and fun videos on Sporcle TV.

Show Comments

Extras

Top Quizzes Today


Score Distribution

Your Account Isn't Verified!

In order to create a playlist on Sporcle, you need to verify the email address you used during registration. Go to your Sporcle Settings to finish the process.

Report this User

Report this user for behavior that violates our Community Guidelines.

Details: